Legislación obrera. Comprende este volumen la ley de colonización y repoblación interior. Reglamento de dicha ley. Ley de Emigración. Reglamento para su aplicación y disposiciones complementarias y aclaratorias de las expresadas leyes y reglamentos
Saved in:
| Format: | Bog |
|---|---|
| Sprog: | spansk |
| Udgivet: |
Madrid
Saturnino Calleja
1910
|
| Serier: | Biblioteca de Derecho Vigente, 16 B
|
| Fag: | |
| Tags: |
Tilføj Tag
Ingen Tags, Vær først til at tagge denne postø!
|
MARC
| LEADER | 00000nam a2200000 a 4500 | ||
|---|---|---|---|
| 001 | UCR2658 | ||
| 003 | CL-VaPUC | ||
| 008 | 980116e19100000SP |||||||||||||||||spa|d | ||
| 082 | 0 | 4 | |a 344.01 |b LEG |2 21 |
| 245 | 1 | 0 | |a Legislación obrera. Comprende este volumen la ley de colonización y repoblación interior. Reglamento de dicha ley. Ley de Emigración. Reglamento para su aplicación y disposiciones complementarias y aclaratorias de las expresadas leyes y reglamentos |
| 300 | |a 227 p | ||
| 942 | |c BK | ||
| 945 | |d 19980116 00:00:00 |a cmena | ||
| 260 | |a Madrid |b Saturnino Calleja |c 1910 | ||
| 650 | 7 | |a DERECHO LABORAL |2 CL-VaPUC |9 15 | |
| 650 | 0 | |a Emigración |9 343094 | |
| 650 | 0 | |a Contratos |9 255153 | |
| 650 | 7 | |a DERECHO PENAL |2 CL-VaPUC |9 11 | |
| 650 | 0 | |a Código civil |9 256135 | |
| 650 | 0 | |a Derecho español |9 255291 | |
| 650 | 7 | |a LEGISLACION |2 CL-VaPUC |9 400897 | |
| 651 | 0 | |a España |9 254926 | |
| 583 | |a last modification |c 19980116 00:00:00 |k Rodrigo Vera | ||
| 490 | 0 | |a Biblioteca de Derecho Vigente, 16 B | |
| 999 | |c 265790 |d 265788 | ||
| 952 | |0 0 |1 0 |4 0 |6 344_010000000000000_LEG_1910 |7 0 |8 DER_HIS |9 296880 |a BIBDER |b BIBDER |d 2019-11-20 |i 193077K |o 344.01 LEG 1910 |p 193077K |r 2023-01-25 |w 2019-11-20 |x Ubicación 4to Piso |y BK |z Estos recursos deben solicitarse con anticipación |k DER | ||